00389 a2200109 450000100060000008200120000610000850001824501180010326000260022130000090024750000230025692290 aPR 2555 aMirza Lehrasab Beg and Bazil Zafar; Prof Shoaib Arif and Irfan Shahid (Advisors) aDesign and Fabrication of Switch delayed line phase shifter by using Liquid Metal Based RF Mems Switchn78 "B" EC aIslamabadbNUSTc2015 a93p. aBE Project Reports